TOP 10 - Bloodiest Battles of World War II - Statistics

General Stats
  • This quiz has been taken 111 times
  • The average score is 5 of 10
Answer Stats
Position Date Casualties Battle % Correct
1. 23. Aug 1942 - 2 Feb 1943 ~1,524,309 Battle of Stalingrad
98%
2. 16 Apr - 2 May 1945 1,298,745 Battle of Berlin
88%
9. 16 Dec 1944 - 25 Jan 1945 186,369 Battle of the Bulge
68%
8. 5 Jul - 23 Aug 1943 ~322562 Battle of Kursk
63%
3. 2 Oct 1941 - 7 Jan 1942 1,000,000 Battle of Moscow
62%
5. 10 May - 25 Jun 1940 469,000 Battle of France
43%
10. 17 Jan - 18 May 1944 185,000 Battle of Monte Cassino
20%
7. 12 May - 28 May 1942 300,000 Battle of Kharkov II
16%
6. 9 Jan - 15 Aug 1945 ~338,830 Battle of Luzon
15%
4. 2 Feb - 10 Aug 1944 550,000 Battle of Narva
8%
No matching quizzes found
Score Distribution
Percent of People with Each Score
Percentile by Number Answered
Your Score History
You have not taken this quiz